000 00396nam a2200169Ia 4500
008 230524s9999 xx 000 0 und d
020 _a81852268858
082 _a612.3812
_bSIE
100 _aSiemens
245 0 _aElectrical Engineering Hand Book
250 _a11TH
260 _aNEW DELHI
_c2005
300 _aXII;749
500 _aQuantity Number: 2
650 _aElectrical
942 _cBK
999 _c8743
_d8743